Riconosci l'Anno dagli eventi - Quiz n°45 - Statistics

Statistiche generali
  • Questo quiz è stato fatto 26 volte
  • Il punteggio medio è 9 su 11
Statistiche sulle risposte
Indizio Risposta % Corretto
D 3 marzo: la Bulgaria ottiene l'indipendenza dall'Impero ottomano ma viene ridimensionata rispetto alle dimensioni previste con il trattato di Santo Stefano.
100%
B 07 febbraio: muore il papa Pio IX.
96%
A 11 gennaio: nella città di New York viene effettuato per la prima volta il servizio di consegna a domicilio del latte in bottiglie di vetro.
96%
F 13 giugno: si apre il Congresso di Berlino, che durerà fino al 13 luglio e a cui partecipano tutte le grandi potenze Europee.
96%
C 20 febbraio: viene eletto papa il cardinale camerlengo Vincenzo Gioacchino Pecci, il quale assume il nome di Leone XIII.
96%
E 16 marzo: a Malaga viene fondata la congregazione delle Suore della Carità di Nostra Signora della Mercede.
91%
G 17 novembre – Napoli: l'anarchico Giovanni Passannante tenta di uccidere con un coltellino re Umberto I di Savoia. Sarà catturato e condannato all'ergastolo, che sconterà in condizioni disumane e in completo isolamento.
91%
H Viene emessa la prima serie di sei figurine Liebig in lingua italiana. Si tratta della serie n° 65 denominata "Alsazia Scene Popolari", stampata con la tecnica della cromolitografia. Oggi è particolarmente ricercata dai collezionisti di tutto il mondo e quotata dal Listino Prezzi Ufficiale edito dalla Fam. Sanguinetti di Milano oltre 1500 euro.
87%
L Fine della Kulturkampf.
78%
I Viene inventato il connettore jack da 6.35mm, ampiamente utilizzato ancora oggi, per impiegarlo nell'uso dei centralini telefonici.
78%
Anno 1878
35%
Nessun quiz corrispondente trovato
Distribuzione punteggi
Percentuale di utenti per punteggio
Percentile per numero di risposta
I tuoi punteggi nel tempo
Non hai fatto questo quiz